Uplatnenie manažmentu rizika v oblasti riadenia pracovných zdrojov diplomová práca

Salvato in:
Dettagli Bibliografici
Autore principale: Hajdínová, Alena
Ente Autore: Národohospodárska fakulta EU. Katedra sociálneho rozvoja a práce
Altri autori: Frišták, Ján
Natura: Libro
Lingua:slovacco
Pubblicazione: Bratislava 2011
Tags: Aggiungi Tag
Nessun Tag, puoi essere il primo ad aggiungerne!!

MARC

LEADER 00000nbm a2200000 4500
001 0130762
005 20161109101613.6
041 0 |a slo 
044 |a SK 
245 1 0 |a Uplatnenie manažmentu rizika v oblasti riadenia pracovných zdrojov  |b diplomová práca  |c Alena Hajdínová ; školiteľ: Ján Frišták 
264 1 |a Bratislava  |c 2011 
300 |a 60 s. 
100 1 |a Hajdínová, Alena 
700 1 |a Frišták, Ján 
710 2 |a Národohospodárska fakulta EU. Katedra sociálneho rozvoja a práce